| 000 | 00487nam a22001817a 4500 | ||
|---|---|---|---|
| 999 |
_c526453 _d526453 |
||
| 003 | NUST | ||
| 020 | _qHBK | ||
| 038 | _aFaiza | ||
| 082 |
_a305.4 _bSIM |
||
| 100 |
_aBeauvoir, Simone de _917458 |
||
| 245 |
_aAurot / _cSimone de Beauvoir |
||
| 260 |
_aLahore : _bFiction House, _c2007. |
||
| 300 | _a918 p. ; | ||
| 880 |
_6100-01\r _aسیمون دی بووا |
||
| 880 |
_6245-02\r _aعورت / |
||
| 880 |
_6260-03\r _aلاہور : _bفکشن ہاوًس, _c۲۰۰۷. |
||
| 942 |
_2ddc _cBK |
||